书目信息 |
| 题名: |
中国摄影史
|
|
| 作者: | 蒋齐生 , 舒宗侨 , 顾棣 编著 | |
| 分册: | ||
| 出版信息: | 北京 中国摄影出版社 1998 |
|
| 页数: | 170页 | |
| 开本: | 20cm | |
| 丛书名: | ||
| 单 册: | ||
| 中图分类: | J409.26 | |
| 科图分类: | ||
| 主题词: | 摄影艺术--艺术理论 | |
| 电子资源: | ||
| ISBN: | 7-80007-168-5 | |
| 000 | 00683nam0 2200229 45 | |
| 001 | 0303250870 | |
| 005 | 20031219104107.9 | |
| 010 | @a7-80007-168-5@dCNY13.00 | |
| 100 | @a20030325d1998 km y0chiy0120 ea | |
| 101 | 0 | @achi |
| 105 | @aa z 000yy | |
| 200 | 1 | @a中国摄影史@AZhong Guo She Ying Shi@e1937-1949@f蒋齐生,舒宗侨,顾棣编著@FJiang Qi Sheng,Shu Zong Qiao,Gu Di Bian Zhu |
| 210 | @a北京@c中国摄影出版社@d1998 | |
| 215 | @a170页@c附照片@d20cm | |
| 517 | @a1937-1949 | |
| 606 | 0 | @a摄影艺术@x艺术理论 |
| 690 | @aJ409.26@v4 | |
| 701 | 0 | @a蒋齐生@4编著 |
| 701 | 0 | @a舒宗侨@4编著 |
| 701 | 0 | @a顾棣@4编著 |
| 801 | @aCN@bTSTC@c20030325 | |
| 905 | @b321366-368@dJ409.26@e137@f3 | |
| 中国摄影史:1937-1949/蒋齐生,舒宗侨,顾棣编著.-北京:中国摄影出版社,1998 |
| 170页:附照片;20cm |
| ISBN 7-80007-168-5:CNY13.00 |
| ● |
| 相关链接 |
|
|
|
|
正题名:中国摄影史
索取号:J409.26/137
 
预约/预借
| 序号 | 登录号 | 条形码 | 馆藏地/架位号 | 状态 | 备注 |
| 1 | 0321366 | 203213664 | 第一借阅区/ [索取号:J409.26/137] | 在馆 | |
| 2 | 0321367 | 203213673 | 第一借阅区/ [索取号:J409.26/137] | 在馆 | |
| 3 | 0321368 | 203213682 | 第一样本阅览室/ [索取号:J409.26/137] | 在馆 |